00625nam a2200229 i 4500001001100000003000500011005001700016008004100033020001500074040002500089082001600114100002900130245001100159264005700170300002400227336002100251337002500272338002300297490002200320650003100342830002200373C2-0282102PPAK20180728012535.0070930s2005 my |||| ||||| | may d a9838773182 aPPAKbengcPPAKerda04a899.2332230 aJefri Abdullah, eauthor10aSepupu 1aPetaling Jaya, Selangor : bPenerbit Prisma , c2005 a132 pages ; c22 cm 2rdacontentatext 2rdamediaaunmediated 2rdacarrieravolume1 aHidup ini realiti10aChildren's stories, Malay. 0aHidup ini realiti